MyGZULibrary

Journeys in psychoanalysis : (Record no. 10577)

MARC details
000 -LEADER
fixed length control field 01374cam a2200397 i 4500
001 - CONTROL NUMBER
control field 18320100
003 - CONTROL NUMBER IDENTIFIER
control field GZU
005 - DATE AND TIME OF LATEST TRANSACTION
control field 20220609102125.0
008 - FIXED-LENGTH DATA ELEMENTS--GENERAL INFORMATION
fixed length control field 140926s2015 enk b 001 0 eng
010 ## - LIBRARY OF CONGRESS CONTROL NUMBER
LC control number 2014038112
020 ## - INTERNATIONAL STANDARD BOOK NUMBER
International Standard Book Number 9780415835176 (hbk)
020 ## - INTERNATIONAL STANDARD BOOK NUMBER
International Standard Book Number 0415835178 (hbk)
020 ## - INTERNATIONAL STANDARD BOOK NUMBER
Canceled/invalid ISBN 9781315720296 (ebook)
035 ## - SYSTEM CONTROL NUMBER
System control number (DNLM)101642259
040 ## - CATALOGING SOURCE
Original cataloging agency DNLM/DLC
Transcribing agency DLC
Description conventions rda
Modifying agency DLC
042 ## - AUTHENTICATION CODE
Authentication code pcc
050 00 - LIBRARY OF CONGRESS CALL NUMBER
Classification number RC504
Item number .SPI 2015
100 1# - MAIN ENTRY--PERSONAL NAME
Personal name Spillius, Elizabeth Bott,
Dates associated with a name 1924-2016,
Relator term author.
240 10 - UNIFORM TITLE
Uniform title Works.
Form subheading Selections
245 10 - TITLE STATEMENT
Title Journeys in psychoanalysis :
Remainder of title the selected works of Elizabeth Spillius /
Statement of responsibility, etc. Elizabeth Spillius.
264 #1 - PRODUCTION, PUBLICATION, DISTRIBUTION, MANUFACTURE, AND COPYRIGHT NOTICE
Place of production, publication, distribution, manufacture Hove, East Sussex ;
-- New York, NY :
Name of producer, publisher, distributor, manufacturer Routledge,
Date of production, publication, distribution, manufacture, or copyright notice 2015.
300 ## - PHYSICAL DESCRIPTION
Extent 186 pages ;
Dimensions 24 cm.
336 ## - CONTENT TYPE
Content type term text
Source rdacontent
337 ## - MEDIA TYPE
Media type term unmediated
Source rdamedia
338 ## - CARRIER TYPE
Carrier type term volume
Source rdacarrier
490 1# - SERIES STATEMENT
Series statement World library of mental health series
504 ## - BIBLIOGRAPHY, ETC. NOTE
Bibliography, etc. note Includes bibliographical references and index.
600 12 - SUBJECT ADDED ENTRY--PERSONAL NAME
Personal name Klein, Melanie.
650 #0 - SUBJECT ADDED ENTRY--TOPICAL TERM
Topical term or geographic name entry element Psychoanalysis.
650 12 - SUBJECT ADDED ENTRY--TOPICAL TERM
Topical term or geographic name entry element Psychoanalysis
Form subdivision Collected Works.
650 12 - SUBJECT ADDED ENTRY--TOPICAL TERM
Topical term or geographic name entry element Psychoanalytic Theory
Form subdivision Collected Works.
830 #0 - SERIES ADDED ENTRY--UNIFORM TITLE
Uniform title World library of mental health series.
906 ## - LOCAL DATA ELEMENT F, LDF (RLIN)
a 7
b cbc
c orignew
d 1
e ecip
f 20
g y-gencatlg
942 ## - ADDED ENTRY ELEMENTS (KOHA)
Source of classification or shelving scheme Library of Congress Classification
Koha item type Books
Classification part 504
Item part SPI
Call number prefix RC
Holdings
Withdrawn status Lost status Source of classification or shelving scheme Damaged status Not for loan Collection code Home library Current library Shelving location Date acquired Source of acquisition Total Checkouts Full call number Barcode Date last seen Copy number Price effective from Koha item type
    Library of Congress Classification     Non-fiction City Campus Library City Campus Library General Stacks 06/09/2022 Book Aid International   RC504 SPI 2015 032413 06/09/2022 c. 1 06/09/2022 Books